[Event "AUT-ch U12"]
[Site "St Georgen"]
[Date "2007.??.??"]
[Round "3"]
[White "Pototschnig, Dominik"]
[Black "Stolzlechner, Andreas"]
[Result "0-1"]
[WhiteElo "1338"]
[BlackElo "1386"]
[PlyCount "74"]
[EventDate "2007.05.??"]
[EventType "swiss"]
[EventRounds "7"]
[EventCountry "AUT"]
[SourceTitle "EXT 2008"]
[Source "ChessBase"]
[SourceDate "2007.11.25"]
[SourceVersion "1"]
[SourceVersionDate "2007.11.25"]
[SourceQuality "1"]

1. e4 g6 2. d4 Bg7 3. Nf3 d6 4. Nc3 Nf6 5. Bc4 0-0 6. 0-0 Bg4 7. h3 Bxf3 8. Qxf3 c6 9. a4 a5 10. b3 Nbd7 11. Bb2 Nb6 12. d5 cxd5 13. Nxd5 Nfxd5 14. Bxg7 Kxg7 15. Bxd5 Nxd5 16. exd5 Rc8 17. c4 Qb6 18. Rfe1 Rc7 19. g4 Kg8 20. Qe3 Qxe3 21. Rxe3 f5 22. Rf3 Kg7 23. gxf5 Rxf5 24. Rxf5 gxf5 25. f4 Kf6 26. Kf2 Rc8 27. Re1 Rg8 28. Rg1 Rxg1 29. Kxg1 h5 30. Kf2 h4 31. Ke3 e5 32. fxe5+ Kxe5 33. Kf3 b6 34. Ke3 f4+ 35. Kf2 Ke4 36. Ke2 f3+ 37. Kf2 Kf4 0-1